000 00787nas a2200265 4500
001 BR0203247
003 BR-BrBNA
005 20231205103048.0
007 ta
008 230509b bl.|||p| |||| 00| 00por d
040 _aBR-BrBNA
_bpor
_cBiblioteca Nacional de Agricultura
041 _a(En)
072 _aH10
100 1 _aSharma, R.D.
100 1 _aJunqueira, N.T.V.
100 1 _aGomes, A.C.
245 1 _aPathogenicity and reproduction of Meloidogyne javanica on yellow passionfruit hybrid
650 _aMARACUJÁ
650 _aMELOIDOGINOSE
650 _aPATOGENICIDADE
650 _aESTUFA
773 0 _tNematologia Brasileira (Brazil)
_xISSN 0102-2997
_g(Dec 2001), v. 25(2) p. 247-249
_wBR0203247
909 _a202311
_bLúcia
_c55
_dLúcia Elande
942 _2AGRIS
_n0
_cANA
999 _c170842
_d170842